Tank Challange 2.2 - Statistics

General Stats
  • This quiz has been taken 13 times
  • The average score is 6 of 16
Answer Stats
Picture Answer % Correct
A7V
91%
Panzer I Ausf A
91%
Panzer II Ausf C
91%
Panzer 38(t)
73%
Panzer 35(t)
64%
Panzer III ausf b
55%
Neubaufahrzeug
45%
Grosstraktor
18%
Leichttraktor
18%
Beutepanzer Mark IV
9%
K-Wagen
9%
LK I
9%
LK II
9%
Sturmpanzerwagen oberschlesien
9%
Flakpanzer A7v
0%
Orionwagen Prototype I
0%
No matching quizzes found
Score Distribution
Percent of People with Each Score
Percentile by Number Answered
Your Score History
You have not taken this quiz